Wings of Fire Trivia #2: Book One - Statistics

General Stats
  • This quiz has been taken 457 times
  • The average score is 20 of 27
Answer Stats
Hint Answer % Correct
Mudwing in Prophecy Clay
100%
Rainwing "in" Prophecy Glory
99%
Sandwing in Prophecy Sunny
99%
Dragon that was replaced by a Rainwing in the prophecy (type) A Skywing
98%
Nightwing in Prophecy Starflight
98%
Seawing in Prophecy Tsunami
98%
Mudwings
96%
Icewings
95%
In the war, Blister is allied with the Seawings
95%
Webs
94%
Dragonets of Destiny Protectors Dune
93%
In the war, Blaze is allied with Most of the Sandwings
93%
In the war, Burn is allied with the Skywings
93%
Blaze
92%
Three princess' names Blister
92%
Burn
92%
Kestrel
90%
Book One Name The Dragonet Prophecy
89%
Name of organization to stop the Great War Talons of Peace
87%
Skywing Queen Queen Scarlet
84%
Firescales dragon(et) Peril
83%
Mudwings' abilities Usually very strong
19%
Can breathe fire (if warm enough)
12%
What is the last thing Clay thinks in Book One? "Big Heroic Destiny, here I come"
9%
Blend into large mud puddles
8%
Hold breath for up to an hour
6%
If hatched from blood-red eggs, have fire-resistant scales
0%
No matching quizzes found
Score Distribution
Percent of People with Each Score
Percentile by Number Answered
Your Score History
You have not taken this quiz